Caribbean edge : (Record no. 202360)
[ view plain ]
| 000 -LEADER | |
|---|---|
| fixed length control field | 00788cam5a220025300 4500 |
| 001 - CONTROL NUMBER | |
| control field | lce00391907 |
| 008 - FIXED-LENGTH DATA ELEMENTS--GENERAL INFORMATION | |
| fixed length control field | 790301s1979 inua 001 0 eng |
| 010 ## - LIBRARY OF CONGRESS CONTROL NUMBER | |
| LC control number | 78011211 |
| 020 ## - INTERNATIONAL STANDARD BOOK NUMBER | |
| Terms of availability | |
| -- | 2.95 |
| 035 ## - SYSTEM CONTROL NUMBER | |
| System control number | (Sirsi) r31035 |
| 035 ## - SYSTEM CONTROL NUMBER | |
| System control number | (DLC) 78011211 |
| 035 ## - SYSTEM CONTROL NUMBER | |
| System control number | (UPRA)lce00391907 |
| 043 ## - GEOGRAPHIC AREA CODE | |
| Geographic area code | ncnq--- |
| 050 0# - LIBRARY OF CONGRESS CALL NUMBER | |
| Classification number | F1529.M9 |
| Item number | N545 |
| 082 ## - DEWEY DECIMAL CLASSIFICATION NUMBER | |
| Classification number | 980/.004/98 |
| 100 1# - MAIN ENTRY--PERSONAL NAME | |
| Personal name | Nietschmann, Bernard. |
| Linkage | A95355.1 |
| 245 10 - TITLE STATEMENT | |
| Title | Caribbean edge : |
| Remainder of title | the coming of modern times to isolated people and wildlife / |
| Statement of responsibility, etc. | Bernard Nietschmann. |
| 260 ## - PUBLICATION, DISTRIBUTION, ETC. | |
| Place of publication, distribution, etc. | Indianapolis : |
| Name of publisher, distributor, etc. | Bobbs-Merrill, |
| Date of publication, distribution, etc. | c1979. |
| 500 ## - GENERAL NOTE | |
| General note | Includes index. |
| 600 10 - SUBJECT ADDED ENTRY--PERSONAL NAME | |
| Personal name | Nietschmann, Bernard. |
| Linkage | S68739.1 |
| 650 #0 - SUBJECT ADDED ENTRY--TOPICAL TERM | |
| Topical term or geographic name entry element | Mosquito Indians. |
| Linkage | S68740.1 |
| 949 ## - LOCAL PROCESSING INFORMATION (OCLC) | |
| a | F1529.M9 |
| w | lcc |
| i | -34991 |
| m | MAIN |
| t | BOOK |
| l | ON-SHELF |
No items available.